LEADER 01189cam0 22002891 450 001 SOBE00079489 005 20240422093637.0 010 $a9780521367462 100 $a20240313d1991 |||||ita|0103 ba 101 $aeng 102 $aGB 200 1 $aDiscourse analysis for language teachers$fMichael McCarthy 210 $aCambridge$cCambridge University Press$d1991 215 $aX, 213 p.$d23 cm 225 2 $aCambridge Language Teaching Library 410 1$1001LAEC00026086$12001 $a*Cambridge Language Teaching Library 500 10$aDiscourse analysis for language teachers$3SOBA00030530$91055763 700 1$aMcCarthy$b, Michael$3A600200054200$4070$0311324 801 0$aIT$bUNISOB$c20240422$gRICA 850 $aUNISOB 852 $aUNISOB$jFondo|Di|Sabato$m180465 912 $aSOBE00079489 940 $aM 102 Monografia moderna SBN 941 $aM 957 $aFondo|Di|Sabato$b000231$gSI$d180465$n20231006$_15$hDiSabato$rdono$tN$[15$1Spinosa$2UNISOB$3UNISOB$420240313110416.0$520240313110521.0$6Spinosa$fRistampa 2007; Per le modalità di consultazione vedi homepage della biblioteca link Fondi 996 $aDiscourse analysis for language teachers$91055763 997 $aUNISOB LEADER 03091nam0 22005773i 450 001 SBL0169494 005 20251003044350.0 020 $aIT$b795077 100 $a20021003d1976 ||||0itac50 ba 101 | $aeng 102 $ait 181 1$6z01$ai $bxxxe 182 1$6z01$an 183 1$6z01$anc$2RDAcarrier 200 1 $aInternational meeting on Planetary physics and geology$eround table on Earth's rotation and continental drift$eRome, 1-5 April 1974 210 $aRoma$cAccademia nazionale dei Lincei$d1976 215 $a298 p.$cill., tav.$d27 c 225 | $aAtti dei convegni lincei$fAccademia nazionale dei Lincei$v25 300 $a Front. anche in italiano 300 $aFinito di stampare nel 1977 . 410 0$1001CFI0002532$12001 $aAtti dei convegni lincei$fAccademia nazionale dei Lincei$v25$171202$aAccademia nazionale dei Lincei$3CFIV002279 517 1 $aPlanetary physics and geology .$9SBL0169495 517 1 $aEarths rotation and continental drift .$9SBL0169496 517 1 $aFisica e geologia planetaria .$9SBL0169497 517 1 $aˆIl ‰moto di rotazione della Terra e la deriva dei continenti .$9SBL0169498 606 $aRotazione terrestre$2FIR$3UFIC087595$9I 606 $aRotazione terrestre$xCongressi$x1974$2FIR$3SBLC042796$9I 606 $aDeriva dei continenti$xCongressi$x1974$2FIR$3SBLC042797$9I 676 $a525.35$9$v21 696 $aRotazione della Terra 696 $aConvegni$aCongressi e convegni$aRotazione della Terra 696 $aConvegni$aCongressi e convegni$aDeriva continentale 699 $aRotazione terrestre$yRotazione della Terra 699 $aCongressi$yConvegni 699 $aCongressi$yCongressi e convegni 699 $aRotazione terrestre$yRotazione della Terra 699 $aCongressi$yConvegni 699 $aCongressi$yCongressi e convegni 699 $aDeriva dei continenti$yDeriva continentale 710 12$aInternational meeting on Platenary physics and geology$f <1974$e ; Roma>$3SBLV098768$4070$0448183 711 12$aRound table on Earths rotation and continental drift$f <1974$e ; Roma>$3SBLV098766$4070$0448184 791 12$aTavola rotonda Il moto di rotazione della Terra e la deriva dei continenti$f <1974$e ; Roma>$3SBLV098767$zRound table on Earths rotation and continental drift <1974 ; Roma> 791 12$aConvegno internazionale Fisica e geologia planetaria$f <1974$e ; Roma>$3SBLV098769$zInternational meeting on Platenary physics and geology <1974 ; Roma> 801 3$aIT$bIT-000000$c20021003 850 $aIT-BN0095 $aIT-NA0079 $aIT-NA0120 901 $bNAP 01$cCOLL.ITA $n$ 912 $aSBL0169494 950 0$aBiblioteca Centralizzata di Ateneo$cv. 5; 14-16; 21; 25; 30; 47; 80; 82; 95 ; 112; 122; 129; 134; 154-155; 178; 181; 196; 198; 202; 204-205; 222; 232; 237$d 01COLL.ITA Atti Lincei 25$e 0104 0000016555 VMA (0025 v. 25$fY $h20100727$i20100727 977 $a 01$a BN$a CR 996 $aInternational meeting on Planetary physics and geology$9108686 997 $aUNISANNIO